[Event "Villarrobledo Rapid op"]
[Site "?"]
[Date "1997.??.??"]
[Round "?"]
[White "Illescas Cordoba, Miguel"]
[Black "Karpov, Anatoly"]
[WhiteElo "2585"]
[BlackElo "2745"]
[Result "1-0"]

1. c4 Nf6 2. Nc3 e5 3. Nf3 Nc6 4. e3 g6 5. d4 d6 6. dxe5 Nxe5 7. Nxe5 dxe5 8. Qxd8+ Kxd8 9. b3 Be6 10. Bb2 c6 11. O-O-O Ke8 12. Be2 Be7 13. h3 Rd8 14. g4 Rf8 15. f4 Rxd1+ 16. Rxd1 exf4 17. exf4 h5 18. g5 Nd7 19. h4 Bf5 20. Bd3 Bxd3 21. Rxd3 f6 22. Ne4 fxg5 23. fxg5 Rf1+ 24. Kc2 Nc5 25. Nxc5 Bxc5 26. Bf6 Rf2+ 27. Kc3 Rxa2 28. Rd8+ Kf7 29. Rd7+ Ke6 30. Rxb7 a5 31. Rc7 Bb4+ 32. Kd3 Rh2 33. Rxc6+ Kf5 34. c5 Rh3+ 35. Kc4 Rxh4+ 36. Bd4 Bd2 37. Rf6+ Kxg5 38. c6 Bf4 39. Kd5 Bc7 40. Rf7 Bd8 41. c7 Bxc7 42. Bf6+ Kg4 43. Bxh4 Bf4 44. Bd8 g5 45. Bxa5 h4 46. Bc7 Bg3 47. b4 h3 48. Bxg3 Kxg3 49. b5 g4 50. b6 

1-0

[Event "Dos Hermanas"]
[Site "?"]
[Date "1995.??.??"]
[Round "?"]
[White "Illescas Cordoba, Miguel"]
[Black "Kamsky, Gata"]
[WhiteElo "2595"]
[BlackElo "2710"]
[Result "1-0"]

1. Nf3 Nf6 2. c4 e6 3. Nc3 Bb4 4. Qc2 O-O 5. a3 Bxc3 6. Qxc3 c5 7. b4 b6 8. g3 Bb7 9. Bg2 d6 10. O-O Nc6 11. Bb2 Qc7 12. d3 e5 13. e3 Rfe8 14. Nh4 Ne7 15. e4 Nc6 16. Qd2 Nd4 17. Bxd4 cxd4 18. Bh3 Bc8 19. Bxc8 Raxc8 20. f4 Nd7 21. fxe5 dxe5 22. Nf5 Nf8 23. c5 bxc5 24. bxc5 Rcd8 25. Nd6 Re7 26. Qa2 Qd7 27. Rxf7 Rxf7 28. Rf1 Qe6 29. Qxe6 Nxe6 30. Nxf7 Rc8 31. Nxe5 Rxc5 32. Nc4 Rb5 33. Rf5 Rb3 34. Re5 Kf7 35. Ra5 Kf6 36. Ne5 h5 37. h4 a6 38. Kf2 Nc7 39. a4 Ne6 40. Ke2 Rb2+ 41. Ke1 Rb1+ 42. Kf2 Rb2+ 43. Kf1 Rb1+ 44. Kf2 Rb2+ 45. Kf1 Rb1+ 46. Ke2 Rb2+ 47. Ke1 Rb1+ 48. Kd2 Rb2+ 49. Kc1 Rg2 50. Nc6 Rxg3 51. Rf5+ Kg6 52. Ne7+ Kh6 53. Ra5 Rg1+ 54. Kc2 g6 55. Rxa6 Rg2+ 56. Kd1 Nc5 57. Ra7 g5 58. hxg5+ Rxg5 59. Nf5+ Kg6 60. Rg7+ Kf6 61. Rxg5 Kxg5 62. a5 Kg4 63. Ke2 h4 64. Kf1 Kf3 65. Nxd4+ Ke3 66. Nb3 Na6 67. e5 Nc7 68. d4 Ke4 69. Kg2 Kd5 70. Kh3 Kc4 71. Kxh4 Kxb3 72. d5 Nxd5 73. a6 

1-0

[Event "41st Olympiad Open"]
[Site "?"]
[Date "2014.08.06"]
[Round "?"]
[White "Illescas Cordoba, Miguel"]
[Black "Rapport, Richard"]
[WhiteElo "2618"]
[BlackElo "2704"]
[Result "1-0"]

1. d4 d6 2. Nf3 g6 3. c4 f5 4. Nc3 Nf6 5. g3 Bg7 6. Bg2 O-O 7. O-O Nc6 8. d5 Ne5 9. Qb3 Ned7 10. Qc2 a5 11. Bg5 Nc5 12. Rad1 Bd7 13. Nd4 Qe8 14. Rfe1 Ng4 15. h3 h6 16. Bc1 Nf6 17. e4 fxe4 18. Nxe4 Nfxe4 19. Bxe4 Bxh3 20. Bxg6 Qd7 21. Bh5 Rf6 22. Be3 Raf8 23. b3 c6 24. Be2 Kh8 25. a3 cxd5 26. cxd5 Qe8 27. b4 axb4 28. axb4 Nd7 29. f4 Qf7 30. Kh2 Bf5 31. Nxf5 Rxf5 32. Bg4 Rh5+ 33. Bxh5 Qxh5+ 34. Kg2 Nf6 35. Rh1 Nxd5 36. Qd2 Nxe3+ 37. Qxe3 Qg6 38. Rde1 e5 39. fxe5 dxe5 40. Qe4 Qb6 41. Rhf1 Rd8 42. Rd1 Rd4 43. Rxd4 exd4 44. Rc1 Qxb4 45. Rc8+ Bf8 46. Qe5+ 

1-0

[Event "7th Madrid Magistral"]
[Site "?"]
[Date "1998.05.13"]
[Round "?"]
[White "Illescas Cordoba, Miguel"]
[Black "Yermolinsky, Alex"]
[WhiteElo "2600"]
[BlackElo "2660"]
[Result "1-0"]

1. e4 c5 2. Nc3 e6 3. Nf3 d6 4. d4 cxd4 5. Nxd4 Nf6 6. Be2 Be7 7. O-O Nc6 8. Be3 Bd7 9. Nb3 a6 10. f4 b5 11. a3 O-O 12. Bf3 Qc7 13. g4 Bc8 14. g5 Nd7 15. Bg2 Nb6 16. f5 Nc4 17. Bc1 Re8 18. Qh5 N6e5 19. Kh1 Qb6 20. Bf4 Bd7 21. Rad1 Bf8 22. Nd4 g6 23. Qh4 Bg7 24. f6 Bf8 25. b3 Nxa3 26. Bxe5 dxe5 27. Nf5 exf5 28. Rxd7 Qe6 29. Rfd1 Nxc2 30. exf5 gxf5 31. Rc7 Rad8 32. Bd5 Rxd5 33. Nxd5 Nd4 34. Ne3 Qxb3 35. g6 hxg6 36. Rg1 Bg7 37. Rxg6 Qb1+ 38. Kg2 Ne6 39. Rxg7+ Nxg7 40. fxg7 Kxg7 41. Qg5+ Kf8 42. Qh6+ Kg8 43. Qg5+ Kf8 44. Qh5 

1-0

[Event "Alcobendas Men"]
[Site "?"]
[Date "1994.??.??"]
[Round "?"]
[White "Illescas Cordoba, Miguel"]
[Black "Topalov, Veselin"]
[WhiteElo "2590"]
[BlackElo "2645"]
[Result "1-0"]

1. d4 Nf6 2. c4 c5 3. d5 b5 4. cxb5 a6 5. bxa6 g6 6. Nc3 Bxa6 7. Nf3 d6 8. e4 Bxf1 9. Kxf1 Bg7 10. g3 O-O 11. Kg2 Nbd7 12. h3 Ra6 13. Re1 Qa8 14. Re2 Nb6 15. a4 Nfd7 16. Bg5 Re8 17. h4 Bxc3 18. bxc3 Rxa4 19. Rxa4 Qxa4 20. Qb1 f6 21. Bh6 Qc4 22. Rb2 Kf7 23. Nd2 Qa6 24. Ra2 Qe2 25. Qf1 Qxf1+ 26. Kxf1 Ne5 27. Ke2 Rb8 28. Rb2 Ned7 29. Ra2 Ra8 30. Rxa8 Nxa8 31. Bf4 Nab6 32. c4 Kg7 33. g4 h6 34. Bg3 g5 35. h5 Nb8 36. Kd3 Na6 37. Kc3 Nb4 38. Nf1 Na2+ 39. Kb2 Nb4 40. Ne3 Kh7 41. Kb3 Nd3 42. Nf5 Nc1+ 43. Kc2 Ne2 44. Kd3 Nxg3 45. fxg3 Nd7 46. Nxe7 Ne5+ 47. Kc3 Nf7 48. Kb3 Kg7 49. Nf5+ Kf8 50. Ka4 Ke8 51. Kb5 Kd7 52. Kb6 Ne5 53. Nxh6 Nxc4+ 54. Kb5 Ne5 55. Nf5 Nxg4 56. h6 Ne5 57. h7 Nf7 58. Nh6 Nh8 59. Ng8 

1-0

[Event "Madrid Rapid"]
[Site "?"]
[Date "1988.??.??"]
[Round "?"]
[White "Illescas Cordoba, Miguel"]
[Black "Gurevich, Mikhail"]
[WhiteElo "2495"]
[BlackElo "2625"]
[Result "1-0"]

1. e4 d6 2. d4 Nf6 3. Nc3 g6 4. f4 Bg7 5. a3 O-O 6. Nf3 Bg4 7. h3 Bxf3 8. Qxf3 Nc6 9. Be3 e5 10. dxe5 dxe5 11. f5 Nd4 12. Qf2 Nh5 13. O-O-O c6 14. Kb1 Qe7 15. g4 Nf4 16. Bxf4 exf4 17. Rxd4 Bxd4 18. Qxd4 Rfd8 19. Qf2 Qe5 20. Bd3 b5 21. g5 a5 22. Qh4 b4 23. Qh6 Kh8 24. f6 Rg8 25. Rg1 Qe6 26. Rg4 

1-0

[Event "Spanish Championship CECLUB Division Honor"]
[Site "?"]
[Date "2011.11.23"]
[Round "?"]
[White "Illescas Cordoba, Miguel"]
[Black "Edouard, Romain"]
[WhiteElo "2609"]
[BlackElo "2621"]
[Result "1-0"]

1. d4 Nf6 2. c4 g6 3. Nc3 d5 4. cxd5 Nxd5 5. Bd2 Bg7 6. e4 Nb6 7. Be3 O-O 8. Bb5 Be6 9. d5 Bd7 10. Be2 e6 11. Nf3 exd5 12. exd5 Bg4 13. Bd4 Bxf3 14. Bxf3 Re8+ 15. Kf1 Bxd4 16. Qxd4 Nc6 17. Qf4 Ne5 18. h4 Nxf3 19. Qxf3 Re5 20. Rd1 Rf5 21. Qe4 Qd6 22. Rh3 Rd8 23. Rf3 Re5 24. Qf4 Qe7 25. Rfd3 c6 26. d6 Qe6 27. b3 Nc8 28. d7 Nb6 29. Rd6 Qe7 30. f3 Rf5 31. Qd4 Qe5 32. Kf2 Kf8 33. a4 Qxd4+ 34. R6xd4 Rc5 35. R1d3 Ke7 36. Re3+ Kf8 37. Red3 Na8 38. b4 Re5 39. f4 Re7 40. Ne4 b6 41. Nf6 h5 42. g4 hxg4 43. Nxg4 c5 44. Rd6 cxb4 45. Ne5 Rxe5 46. fxe5 Ke7 47. R3d4 b3 48. Rb4 Rxd7 49. Rxd7+ Kxd7 50. Rxb3 Nc7 51. Ke3 Nd5+ 52. Ke4 Ke6 53. Rd3 Nb4 54. Rd8 Na6 55. Re8+ Kd7 56. Ra8 Nc5+ 57. Kd5 a5 58. Ra7+ Ke8 59. Kd6 Kf8 60. Ra8+ Kg7 61. Ke7 Nd3 62. Rb8 Nxe5 63. Rxb6 Nf3 64. Rb5 Nxh4 65. Rxa5 Nf5+ 66. Kd7 Kf6 67. Rb5 Nd4 68. Rb6+ Ke5 69. a5 Kd5 

1-0

[Event "ESP-chT"]
[Site "?"]
[Date "1997.08.31"]
[Round "?"]
[White "Illescas Cordoba, Miguel"]
[Black "Tkachiev, Vladislav"]
[WhiteElo "2585"]
[BlackElo "2615"]
[Result "1-0"]

1. d4 Nf6 2. c4 g6 3. g3 Bg7 4. Bg2 O-O 5. Nc3 d6 6. Nf3 Nc6 7. O-O a6 8. d5 Na5 9. Nd2 c5 10. Rb1 Rb8 11. b3 b5 12. Qc2 e6 13. Bb2 Re8 14. e3 h5 15. dxe6 Bxe6 16. Nd5 Bf5 17. e4 Be6 18. Qc3 Bxd5 19. cxd5 h4 20. Rfe1 hxg3 21. hxg3 Nh5 22. Qc2 Bxb2 23. Qxb2 Qf6 24. Qxf6 Nxf6 25. Rbc1 Rb7 26. f3 Rbe7 27. Kf2 Nb7 28. Bf1 Rb8 29. Rb1 Na5 30. Rec1 g5 31. b4 Nb7 32. bxc5 Nxc5 33. Nc4 Nb7 34. Ne3 g4 35. Nf5 Re5 36. Rc7 gxf3 37. Nh6+ Kg7 38. Nxf7 Nxe4+ 39. Ke3 Rxd5 40. Nxd6+ Kf8 41. Nxe4 Nd6 42. Nxd6 Rxd6 43. Kxf3 

1-0

[Event "Chalkidiki"]
[Site "?"]
[Date "1992.??.??"]
[Round "?"]
[White "Illescas Cordoba, Miguel"]
[Black "Adams, Michael"]
[WhiteElo "2600"]
[BlackElo "2610"]
[Result "1-0"]

1. Nf3 Nf6 2. c4 c5 3. Nc3 b6 4. g3 Bb7 5. Bg2 e6 6. O-O Be7 7. d4 cxd4 8. Qxd4 d6 9. Bg5 h6 10. Bxf6 Bxf6 11. Qd3 O-O 12. Ng5 hxg5 13. Bxb7 Nd7 14. Bxa8 Qxa8 15. Ne4 Be7 16. Qe3 Ne5 17. Nxg5 Nxc4 18. Qd3 Bxg5 19. Qxc4 Bf6 20. Qb4 d5 21. Rfc1 d4 22. Rc7 

1-0

[Event "Oviedo Rapid"]
[Site "?"]
[Date "1991.??.??"]
[Round "?"]
[White "Illescas Cordoba, Miguel"]
[Black "Polugaevsky, Lev"]
[WhiteElo "2545"]
[BlackElo "2610"]
[Result "1-0"]

1. c4 e6 2. Nf3 Nf6 3. Nc3 b6 4. g3 Bb7 5. Bg2 Bb4 6. O-O Bxc3 7. bxc3 O-O 8. d3 d5 9. cxd5 exd5 10. a4 a5 11. Nd4 Re8 12. Bf4 Nh5 13. Bd2 Nd7 14. c4 Nc5 15. cxd5 Bxd5 16. Bxd5 Qxd5 17. Nb5 Re7 18. Bc3 f5 19. e3 g6 20. Nd4 Nf6 21. Ne2 Nh5 22. Nd4 Ng7 23. Bb2 Nge6 24. Nxe6 Rxe6 25. Ra3 Rd6 26. Qc2 Nxd3 27. Rxd3 Qxd3 28. Qxc7 Rd7 29. Qe5 Rad8 30. Qh8+ Kf7 31. Qxh7+ Ke6 32. Qxg6+ Kd5 33. Rc1 Ke4 34. Kg2 Qd5 35. f3+ Kxe3 36. Qh6+ Kd3 37. Rc3+ 

1-0

[Event "World Cup"]
[Site "?"]
[Date "1989.??.??"]
[Round "?"]
[White "Illescas Cordoba, Miguel"]
[Black "Vaganian, Rafael A"]
[WhiteElo "2525"]
[BlackElo "2600"]
[Result "1-0"]

1. e4 e6 2. d4 d5 3. exd5 exd5 4. Nf3 Bd6 5. Bd3 Ne7 6. O-O Bg4 7. Re1 Nc6 8. c3 Qd7 9. Bg5 O-O-O 10. Nbd2 f6 11. Bh4 Nf5 12. Qc2 Nce7 13. Bg3 Nxg3 14. hxg3 g6 15. b4 Kb8 16. Nb3 Nc8 17. Nc5 Qf7 18. a4 Rde8 19. a5 Rxe1+ 20. Rxe1 Re8 21. Rb1 Re7 22. a6 Bxc5 23. axb7 Bb6 24. bxc8=Q+ Bxc8 25. Nd2 Qe8 26. Kf1 Bd7 27. Nb3 Ba4 28. Qd2 Bxb3 29. Rxb3 Qa4 30. Rb1 Qa3 31. g4 Re6 32. g3 Rc6 33. Qe2 Kb7 34. Ba6+ Qxa6 35. Qxa6+ Kxa6 36. b5+ Kb7 37. bxc6+ Kxc6 38. Ke2 Kd6 39. Rh1 c5 40. Kd3 a5 41. Rxh7 a4 42. Rf7 Kc6 43. Rxf6+ Kb5 44. Rxg6 Ba5 45. dxc5 a3 46. Kc2 

1-0

[Event "ESP-chT"]
[Site "?"]
[Date "1995.??.??"]
[Round "?"]
[White "Illescas Cordoba, Miguel"]
[Black "Giorgadze, Giorgi"]
[WhiteElo "2595"]
[BlackElo "2590"]
[Result "1-0"]

1. d4 d5 2. c4 e6 3. Nc3 Bb4 4. Nf3 Nf6 5. cxd5 exd5 6. Bg5 Nbd7 7. Qc2 O-O 8. a3 Be7 9. e3 b6 10. Bd3 Bb7 11. O-O c5 12. Rad1 c4 13. Bf5 g6 14. Bh3 Nh5 15. Bh6 Re8 16. Bxd7 Qxd7 17. Ne5 Qc8 18. f4 Bf6 19. Nb5 Qd8 20. g4 Ng7 21. g5 Nf5 22. gxf6 Nxh6 23. f5 Qxf6 24. fxg6 Qg5+ 25. Kh1 fxg6 26. Rg1 Rxe5 27. Rxg5 Rxg5 28. Rg1 Rxg1+ 29. Kxg1 Bc6 30. Nc3 Re8 31. e4 Ng4 32. Qg2 Nf6 33. exd5 Bd7 34. Qf1 Ng4 35. h3 Ne3 36. Qf3 Nf5 37. d6 Nxd6 38. Qd5+ Re6 39. Nb5 

1-0

[Event "Chalkidiki"]
[Site "?"]
[Date "1992.??.??"]
[Round "?"]
[White "Illescas Cordoba, Miguel"]
[Black "Ulibin, Mikhail"]
[WhiteElo "2600"]
[BlackElo "2570"]
[Result "1-0"]

1. Nf3 Nf6 2. c4 c5 3. Nc3 e6 4. g3 b6 5. Bg2 Bb7 6. O-O d6 7. Re1 Be7 8. e4 e5 9. d3 O-O 10. Nh4 Nc6 11. Nf5 Nd4 12. f4 Re8 13. Nxe7+ Qxe7 14. f5 h6 15. h4 a6 16. Be3 b5 17. g4 Nh7 18. Bf2 Rab8 19. Re3 bxc4 20. dxc4 Bc6 21. Rb1 Rb4 22. b3 Reb8 23. Be1 R4b7 24. Ne2 a5 25. Nxd4 cxd4 26. Rh3 Ra7 27. Bd2 f6 28. Kh2 Be8 29. a4 Rab7 30. Ra1 Qc7 31. Rg3 Qc5 32. Qc2 Kf8 33. Bc1 Kg8 34. Bf1 Bf7 35. Qd1 Rb6 36. Ra2 R6b7 37. Rag2 Be8 38. g5 hxg5 39. hxg5 Nxg5 40. Bxg5 fxg5 41. Rxg5 Rf7 42. Qg4 Qc7 43. f6 Qd7 44. Qh4 

1-0

[Event "78th Spanish Championship"]
[Site "?"]
[Date "2013.09.06"]
[Round "?"]
[White "Illescas Cordoba, Miguel"]
[Black "Perez Candelario, Manuel"]
[WhiteElo "2608"]
[BlackElo "2569"]
[Result "1-0"]

1. d4 Nf6 2. c4 g6 3. g3 Bg7 4. Bg2 O-O 5. Nf3 d6 6. O-O Nbd7 7. Qc2 e5 8. Rd1 Qe7 9. Nc3 c6 10. e4 Re8 11. b3 exd4 12. Nxd4 Nc5 13. f3 Nfd7 14. Rb1 a5 15. Nce2 Ne5 16. h3 h5 17. a3 Ne6 18. Nxe6 fxe6 19. f4 Nf7 20. e5 g5 21. Qg6 d5 22. Qxh5 gxf4 23. Nxf4 Bd7 24. Ng6 Qc5+ 25. Kh2 b5 26. Rf1 Ra7 27. Rxf7 Kxf7 28. Ne7+ Kxe7 29. Bg5+ Kf8 30. Rf1+ Kg8 31. Qf7+ 

1-0

[Event "30th Andorra Open"]
[Site "?"]
[Date "2012.07.26"]
[Round "?"]
[White "Illescas Cordoba, Miguel"]
[Black "Dgebuadze, Alexandre"]
[WhiteElo "2601"]
[BlackElo "2563"]
[Result "1-0"]

1. Nf3 Nf6 2. c4 e6 3. Nc3 Bb4 4. g3 b6 5. Bg2 Bb7 6. O-O h6 7. d3 Bxc3 8. bxc3 d6 9. e4 Nbd7 10. a4 a5 11. Nd4 Nc5 12. Nb5 e5 13. f3 O-O 14. d4 Ne6 15. Ra2 c6 16. Na3 c5 17. dxe5 dxe5 18. Rd2 Qe8 19. Nb5 Rd8 20. Nd6 Qc6 21. Nf5 Rxd2 22. Ne7+ Kh7 23. Bxd2 Qd6 24. Nd5 Nxd5 25. cxd5 Nd8 26. c4 Bc8 27. f4 f6 28. Qb3 Rf7 29. Bc3 Rb7 30. fxe5 fxe5 31. Qb2 Nf7 32. h4 Bg4 33. Kh2 Kg8 34. Bxa5 Ra7 35. Bxb6 Rxa4 36. Qf2 Qg6 37. Qxc5 Nd6 38. Bc7 Nxe4 39. Qf8+ Kh7 40. Bxe5 Ra2 41. Kg1 Rxg2+ 42. Kxg2 Nd2 43. Rf4 Be2 44. Bxg7 Bf1+ 45. Kh2 Qxg7 46. Rf7 

1-0

[Event "Chalkidiki"]
[Site "?"]
[Date "1992.??.??"]
[Round "?"]
[White "Illescas Cordoba, Miguel"]
[Black "Stohl, Igor"]
[WhiteElo "2600"]
[BlackElo "2560"]
[Result "1-0"]

1. Nf3 g6 2. e4 Bg7 3. d4 d6 4. Be2 Nf6 5. Nc3 O-O 6. O-O Bg4 7. h3 Bxf3 8. Bxf3 Nc6 9. Ne2 e5 10. c3 Qe8 11. d5 Ne7 12. c4 Nd7 13. Nc3 f5 14. Rb1 Nf6 15. b4 Kh8 16. Qd3 Qf7 17. Rb3 c6 18. dxc6 Nxc6 19. Nb5 fxe4 20. Bxe4 Nxe4 21. Qxe4 Nd4 22. Nxd6 Qe7 23. c5 Nxb3 24. axb3 Rad8 25. Rd1 Qe6 26. Rd5 b6 27. Be3 Rd7 28. f4 bxc5 29. bxc5 Rb8 30. fxe5 Rxb3 31. c6 Rc7 32. Nb5 Rc8 33. c7 h6 34. Rd8+ Kh7 35. Nd4 Rxe3 36. Nxe6 Rxe4 37. Rxc8 

1-0

[Event "Aragon-chT"]
[Site "?"]
[Date "2002.04.20"]
[Round "?"]
[White "Illescas Cordoba, Miguel"]
[Black "Rogers, Ian"]
[WhiteElo "2580"]
[BlackElo "2559"]
[Result "1-0"]

1. Nf3 d5 2. d4 Nf6 3. c4 c6 4. Nc3 dxc4 5. a4 Bg4 6. e3 e6 7. Bxc4 Bb4 8. O-O Nbd7 9. h3 Bh5 10. Qb3 Qe7 11. Be2 O-O 12. Na2 Bd6 13. Qxb7 c5 14. Nc3 Rfb8 15. Qa6 Rb6 16. Qd3 Bg6 17. Qd1 Rd8 18. Nh4 Be4 19. Nxe4 Nxe4 20. Nf3 Ndf6 21. Qc2 Qb7 22. a5 Rb4 23. Ra4 Rc8 24. a6 Qd7 25. Rxb4 cxb4 26. Qb1 Bb8 27. Bd3 Qd5 28. Bd2 Nxd2 29. Nxd2 e5 30. Rc1 Qd7 31. Rxc8+ Qxc8 32. dxe5 Bxe5 33. Nf3 Bd6 34. b3 Qc3 35. Bc4 h6 36. g3 Nh7 37. Qe4 Qf6 38. Qa8+ Nf8 39. Qxa7 

1-0

[Event "Yerevan ol"]
[Site "?"]
[Date "1996.??.??"]
[Round "?"]
[White "Kozul, Zdenko"]
[Black "Illescas Cordoba, Miguel"]
[WhiteElo "2605"]
[BlackElo "2640"]
[Result "0-1"]

1. d4 d5 2. c4 c6 3. e3 Nf6 4. Nf3 Bf5 5. Bd3 Bxd3 6. Qxd3 e6 7. O-O Nbd7 8. Nc3 Bb4 9. Bd2 a5 10. a3 Be7 11. b3 O-O 12. e4 Nc5 13. dxc5 dxe4 14. Qxd8 Rfxd8 15. Na4 exf3 16. Rfd1 Rd3 17. Bc3 Rad8 18. Re1 R8d7 19. Rac1 fxg2 20. Nb2 Rf3 21. Kxg2 Rf5 22. Na4 Rd3 23. Rcd1 Rdf3 24. Re2 h5 25. h3 g5 26. b4 axb4 27. axb4 g4 28. hxg4 Nxg4 29. Rh1 Rxf2+ 30. Rxf2 Nxf2 31. Ra1 h4 32. Nb6 h3+ 33. Kh2 Rg5 34. Rg1 Rxg1 35. Kxg1 Ng4 36. Nc8 Kf8 

0-1

[Event "Groningen PCA"]
[Site "?"]
[Date "1993.??.??"]
[Round "?"]
[White "Ljubojevic, Ljubomir"]
[Black "Illescas Cordoba, Miguel"]
[WhiteElo "2595"]
[BlackElo "2625"]
[Result "0-1"]

1. c4 e5 2. Nc3 Nf6 3. Nf3 Nc6 4. e3 Bb4 5. Qc2 O-O 6. d3 Re8 7. a3 Bxc3+ 8. Qxc3 d5 9. cxd5 Qxd5 10. e4 Qd6 11. Be3 Bg4 12. Nd2 Nd4 13. Nc4 Qc6 14. f3 Be6 15. Bxd4 exd4 16. Qxd4 Rad8 17. Qc3 Bxc4 18. Qxc4 Qb6 19. Qb4 Qe3+ 20. Kd1 Nd7 21. Kc2 Ne5 22. Re1 Qh6 23. Be2 Nc6 24. Qc3 Nd4+ 25. Kb1 Qb6 26. Bd1 Re5 27. f4 Ra5 28. Ka2 Nb5 29. Qb3 Qf2 30. Qc2 Qxf4 31. Rhf1 Qxh2 32. Qd2 b6 33. Bb3 Qd6 34. e5 Qc5 35. Bxf7+ Kh8 36. Rh1 g6 37. Rxh7+ Kxh7 38. Rh1+ Kg7 39. Qh6+ Kxf7 40. Rf1+ Ke6 41. Rf6+ Kd5 42. Qd2 Nc3+ 

0-1

[Event "Linares NL"]
[Site "?"]
[Date "1994.??.??"]
[Round "?"]
[White "Zapata, Alonso"]
[Black "Illescas Cordoba, Miguel"]
[WhiteElo "2565"]
[BlackElo "2590"]
[Result "0-1"]

1. e4 c5 2. Nf3 Nc6 3. d4 cxd4 4. Nxd4 Nf6 5. Nc3 e5 6. Ndb5 d6 7. Bg5 a6 8. Na3 b5 9. Bxf6 gxf6 10. Nd5 Bg7 11. g3 f5 12. Bg2 fxe4 13. Bxe4 Be6 14. Qh5 Rc8 15. O-O Ne7 16. Rfd1 Nxd5 17. Bxd5 O-O 18. c3 Rc5 19. Qf3 Qd7 20. Rd2 Bh6 21. Rd3 Bg4 22. Qf6 Bg7 23. Qg5 e4 24. Rd2 Bf3 25. Nc2 Kh8 26. Ne1 Qh3 27. Qf4 e3 28. fxe3 Bxd5 29. Qxd6 Bc4 

0-1

[Event "Pamplona 9798"]
[Site "?"]
[Date "1997.12.31"]
[Round "?"]
[White "Strikovic, Aleksa"]
[Black "Illescas Cordoba, Miguel"]
[WhiteElo "2560"]
[BlackElo "2585"]
[Result "0-1"]

1. e4 e5 2. Nf3 Nc6 3. d4 exd4 4. Bc4 Bc5 5. c3 Nf6 6. e5 d5 7. Bb5 Ne4 8. cxd4 Bb4+ 9. Bd2 Nxd2 10. Bxc6+ bxc6 11. Nbxd2 O-O 12. O-O c5 13. a3 Bxd2 14. Qxd2 c4 15. Qc3 Rb8 16. Nd2 Be6 17. f4 g6 18. b4 Bf5 19. h3 a5 20. bxa5 c5 21. Rf2 Bd3 22. Nf3 Rb3 23. Qc1 Qxa5 24. f5 Bxf5 25. Qh6 Rxf3 26. Rxf3 Be4 27. Rf2 Qc3 28. Rd1 cxd4 29. Qf4 Qe3 30. Qf6 Bf5 31. e6 fxe6 32. Qxd4 Qxd4 33. Rxd4 c3 34. Rd1 Ra8 35. Ra2 Ra4 36. Kf2 d4 37. g4 Be4 38. Re2 Bd5 39. Re5 Kf7 40. g5 Ke7 41. Rb1 Kd6 42. Rbe1 d3 

0-1

[Event "Oviedo Rapid"]
[Site "?"]
[Date "1993.??.??"]
[Round "?"]
[White "Smagin, Sergey"]
[Black "Illescas Cordoba, Miguel"]
[WhiteElo "2550"]
[BlackElo "2625"]
[Result "0-1"]

1. e4 c5 2. Nf3 e6 3. c3 d5 4. exd5 exd5 5. d4 Nc6 6. Bb5 Bd6 7. dxc5 Bxc5 8. O-O Ne7 9. Nbd2 O-O 10. Nb3 Bd6 11. Bd3 Bf5 12. Be3 Bg6 13. Re1 Re8 14. Qd2 Qc7 15. Nbd4 Nxd4 16. Bxd4 Nc6 17. Bxg6 hxg6 18. Be3 Ne5 19. Qxd5 Nxf3+ 20. Qxf3 Bxh2+ 21. Kh1 Be5 22. g3 a6 23. Kg2 Rad8 24. Rad1 b5 25. Bg5 Rxd1 26. Rxd1 f6 27. Be3 g5 28. Qd5+ Qf7 29. Qc6 Qe6 30. Qxe6+ Rxe6 31. Rd7 g4 32. Bc5 f5 33. Kf1 Bf6 34. Be3 Be5 35. Ke2 f4 36. gxf4 Bxf4 37. Rd4 g5 38. Rd3 Kf7 39. Kf1 Kg6 40. Bd4 Kf5 41. b3 Rh6 42. Be3 

0-1

[Event "Chalkidiki"]
[Site "?"]
[Date "1992.??.??"]
[Round "?"]
[White "Kotronias, Vasilios"]
[Black "Illescas Cordoba, Miguel"]
[WhiteElo "2550"]
[BlackElo "2600"]
[Result "0-1"]

1. e4 c5 2. Nf3 Nc6 3. d4 cxd4 4. Nxd4 Nf6 5. Nc3 e5 6. Ndb5 d6 7. Bg5 a6 8. Na3 b5 9. Bxf6 gxf6 10. Nd5 Bg7 11. c3 f5 12. exf5 Bxf5 13. Nc2 Ne7 14. Nce3 Be6 15. g3 Nxd5 16. Nxd5 O-O 17. Bg2 Rb8 18. O-O a5 19. Qh5 f5 20. Rad1 Kh8 21. Rd2 Bf7 22. Qd1 Qe8 23. a3 e4 24. Nf4 Be5 25. Rxd6 Bc4 26. Re1 Bxd6 27. Qxd6 Qd8 28. Qe5+ Qf6 29. Qc7 Qb6 30. Qe5+ Qf6 31. Qc7 Rfc8 32. Qa7 Ra8 33. Qe3 Qd6 34. f3 exf3 35. Bxf3 Re8 36. Qxe8+ Rxe8 37. Rxe8+ Kg7 38. Be2 Bf7 39. Rc8 a4 40. Kf2 Qd2 41. Rc7 Kf6 42. Rc6+ Ke7 43. Rc7+ Ke8 44. Rxf7 Kxf7 45. Nd3 Kf6 46. h4 Kg7 47. Kf3 Kg6 48. Kf2 Kh6 49. Kf3 f4 50. gxf4 Kh5 51. Bf1 Kxh4 52. Be2 Kh5 53. Bf1 Kh6 54. Be2 Kg7 55. f5 Kf6 

0-1

[Event "Madrid Rapid"]
[Site "?"]
[Date "1988.??.??"]
[Round "?"]
[White "Psakhis, Lev"]
[Black "Illescas Cordoba, Miguel"]
[WhiteElo "2550"]
[BlackElo "2495"]
[Result "0-1"]

1. e4 c5 2. Nf3 e6 3. d3 d5 4. Qe2 Nf6 5. g3 Nc6 6. Bg2 Be7 7. O-O b6 8. e5 Nd7 9. c4 d4 10. Re1 Bb7 11. Nbd2 g5 12. h3 h5 13. g4 hxg4 14. hxg4 Qc7 15. Nf1 O-O-O 16. Ng3 Rdg8 17. a3 a5 18. Bd2 Kb8 19. b3 Rh4 20. Nxh4 gxh4 21. Nh5 Ncxe5 22. Bf4 Bxg2 23. Kxg2 Bd6 24. Kh3 Nxg4 25. Rg1 f5 26. Qxe6 Nxf2+ 27. Kxh4 Qd8+ 28. Bg5 Ne5 29. Qxf5 Qd7 30. Ng7 Qxg7 31. Kh5 Rh8+ 

0-1

[Event "34th OPEN INTERNACIONAL VILLA DE BENASQUE"]
[Site "?"]
[Date "2014.07.12"]
[Round "?"]
[White "Stocek, Jiri"]
[Black "Illescas Cordoba, Miguel"]
[WhiteElo "2545"]
[BlackElo "2607"]
[Result "0-1"]

1. d4 Nf6 2. c4 g6 3. Nc3 Bg7 4. e4 d6 5. Bg5 O-O 6. Qd2 Na6 7. f3 c6 8. Bh6 e5 9. Bxg7 Kxg7 10. O-O-O Qa5 11. g4 Nc7 12. h4 Ne6 13. d5 Nd4 14. h5 Ng8 15. g5 Re8 16. Kb1 Re7 17. Qh2 Kh8 18. f4 Bg4 19. Be2 Nxe2 20. Ngxe2 Bf3 21. hxg6 fxg6 22. Rhf1 Bh5 23. f5 Qc5 24. f6 Rf7 25. b3 Qe3 26. dxc6 bxc6 27. Rxd6 Bxe2 28. Nxe2 Qxg5 29. Rg1 Qe3 30. Rg4 Re8 31. Kb2 Rxf6 32. Rd7 Re7 33. Rxe7 Qd2+ 34. Ka3 Qd6+ 35. Ka4 Qxe7 36. Nc1 c5 37. Ka3 Rd6 38. Rg2 Kg7 39. Ne2 Nf6 40. Nc3 Rd4 41. Rg5 Nxe4 42. Rxe5 Qc7 43. Na4 Rd2 44. Qf4 Nc3 45. b4 Rxa2+ 46. Kb3 Rxa4 47. Qe3 Rxb4+ 48. Kxc3 Rb7 49. Rxc5 Qd6 50. Rb5 Qa3+ 51. Kd4 

0-1

[Event "Barcelona Spain, Match"]
[Site "?"]
[Date "2003.12.15"]
[Round "?"]
[White "Rowson, Jonathan"]
[Black "Illescas Cordoba, Miguel"]
[WhiteElo "2536"]
[BlackElo "2602"]
[Result "0-1"]

1. e4 c5 2. Nf3 e6 3. d4 cxd4 4. Nxd4 Nc6 5. Nc3 Qc7 6. Be3 a6 7. Qd2 Nf6 8. O-O-O Bb4 9. f3 Ne5 10. Nb3 d5 11. Bd4 O-O 12. a3 Bd6 13. exd5 exd5 14. Qf2 Be6 15. Bd3 Nfd7 16. Kb1 b5 17. Qh4 Nxd3 18. Rxd3 Rfc8 19. Re1 a5 20. Qg5 Bf8 21. Qg3 Qb7 22. Na1 b4 23. Na2 Bf5 24. Rb3 Rc4 25. Qf2 Qc6 26. g4 Bg6 27. h4 h6 28. h5 Bh7 29. Qd2 Rc8 30. Rc1 Qa4 31. Qe3 Bc5 32. Rd3 Bxd3 33. Bxc5 Nxc5 34. axb4 Re8 35. Qd2 Re2 36. Qd1 axb4 37. cxd3 Rxc1+ 38. Qxc1 Nxd3 

0-1

[Event "FRA-chT 9900"]
[Site "?"]
[Date "2000.02.05"]
[Round "?"]
[White "Magem Badals, Jordi"]
[Black "Illescas Cordoba, Miguel"]
[WhiteElo "2529"]
[BlackElo "2581"]
[Result "0-1"]

1. e4 e5 2. Nf3 Nf6 3. Nxe5 d6 4. Nf3 Nxe4 5. d4 d5 6. Bd3 Nc6 7. O-O Be7 8. Re1 Bg4 9. c4 Nf6 10. Nc3 Bxf3 11. Qxf3 Nxd4 12. Qd1 Ne6 13. Bf5 dxc4 14. Qa4+ c6 15. Bxe6 fxe6 16. Qxc4 Nd5 17. Rxe6 O-O 18. Be3 Bf6 19. Bc5 Rf7 20. Rd6 Qc7 21. Re1 Bxc3 22. bxc3 Re7 23. Rd8+ Rxd8 24. Rxe7 b5 25. Qb3 Qf4 26. g3 Qc1+ 27. Kg2 a5 28. Re6 a4 29. Qa3 Qd1 30. Re4 Qc2 31. Re6 Kf7 32. Re5 Qxc3 33. Re7+ Kg8 34. Qxc3 Nxc3 35. a3 Rd5 36. Bb4 Na2 37. Ba5 Rd3 38. Rc7 Rxa3 39. Rxc6 b4 40. Rc8+ Kf7 41. Rc7+ Ke6 42. Rxg7 Rd3 43. Rxh7 b3 44. Rb7 a3 

0-1

[Event "30th Andorra Open"]
[Site "?"]
[Date "2012.07.25"]
[Round "?"]
[White "Comas Fabrego, Lluis"]
[Black "Illescas Cordoba, Miguel"]
[WhiteElo "2514"]
[BlackElo "2601"]
[Result "0-1"]

1. d4 Nf6 2. Nf3 e6 3. e3 d5 4. Bd3 Nbd7 5. Nbd2 c5 6. c3 g6 7. Ne5 Bg7 8. f4 b6 9. O-O Bb7 10. b3 O-O 11. Qf3 Rc8 12. Bb2 Rc7 13. Rac1 Ne8 14. Qh3 Nd6 15. c4 Nf6 16. dxc5 bxc5 17. Rcd1 Qe7 18. Ba1 Rcc8 19. Rfe1 Rfd8 20. Qh4 Nf5 21. Bxf5 exf5 22. cxd5 Rxd5 23. Ndc4 Qe6 24. Nf3 Ne4 25. Bxg7 Kxg7 26. Ng5 Nxg5 27. Qxg5 Rxd1 28. Rxd1 Bd5 

0-1